000 00539nam a2200169Ia 4500
003 IN-BaIIA
008 211028s9999 xx 000 0 eng d
040 _cIIA Library
080 _a524.572-36
_bSUZ
100 _aSuzuki, Hiroko
_916482
245 0 _aToward interstellar chemistry
_cSuzuki, Hiroko
260 _aU.S.A
_bNational Astronomy Observatory
_c1989
300 _axvii, 194p.
650 _aAstronomy and astrophysics thesaurus
650 _aInterstellar chemistry
_916483
942 _cBK
999 _c9740
_d9740